Palgrave handbook of international trade (Record no. 13395)

MARC details
000 -LEADER
fixed length control field 00670 a2200229 4500
001 - CONTROL NUMBER
control field 147302
003 - CONTROL NUMBER IDENTIFIER
control field OSt
005 - DATE AND TIME OF LATEST TRANSACTION
control field 20210917100031.0
008 - FIXED-LENGTH DATA ELEMENTS--GENERAL INFORMATION
fixed length control field
020 ## - INTERNATIONAL STANDARD BOOK NUMBER
International Standard Book Number 9781137351807
082 ## - DEWEY DECIMAL CLASSIFICATION NUMBER
Classification number 382
Item number P17P
245 1# - TITLE STATEMENT
Title Palgrave handbook of international trade
Statement of responsibility, etc edited by Daniewl Bernhofen, Rodney E. Falvey and David Greenaway
260 ## - PUBLICATION, DISTRIBUTION, ETC. (IMPRINT)
Place of publication, distribution, etc New York
Name of publisher, distributor, etc Palgrave Macmillan
Date of publication, distribution, etc 2013
300 ## - PHYSICAL DESCRIPTION
Extent 711p.
653 ## - INDEX TERM--UNCONTROLLED
Uncontrolled term Economics
653 ## - INDEX TERM--UNCONTROLLED
Uncontrolled term International trade
653 ## - INDEX TERM--UNCONTROLLED
Uncontrolled term Commercial policy
700 ## - ADDED ENTRY--PERSONAL NAME
Personal name Bernhofen, Daniel
Relator term Editor
700 ## - ADDED ENTRY--PERSONAL NAME
Personal name Falvey, Rodney E.
Relator term Editor
700 ## - ADDED ENTRY--PERSONAL NAME
Personal name Greenaway, David
Relator term Editor
942 ## - ADDED ENTRY ELEMENTS (KOHA)
Source of classification or shelving scheme Dewey Decimal Classification
Koha item type Books
Holdings
Withdrawn status Lost status Source of classification or shelving scheme Damaged status Not for loan Collection code Home library Current library Date acquired Source of acquisition Cost, normal purchase price Full call number Barcode Date last seen Price effective from Koha item type
    Dewey Decimal Classification     General Text Book Central University Of Rajasthan Central University Of Rajasthan 11/09/2015 ECO 0.00 382 P17P 20780 21/11/2024 02/09/2020 Books